| 000 | 01441nam a2200301 a 4500 | ||
|---|---|---|---|
| 999 |
_c438481 _d438481 |
||
| 003 | BLK | ||
| 005 | 20250110112324.0 | ||
| 008 | 200310b bu ||||| |||| 00| 0 bu d | ||
| 020 | _a9789543986583 | ||
| 040 | _aBLK | ||
| 041 |
_aBUL _cBUL |
||
| 080 |
_aРуска литература _b821.161.1 _x-93-34 _z821.161.1-93-34 |
||
| 100 |
_aАфанасиев, Александър Николаевич _eпърви автор _91299 |
||
| 139 |
_aАфанасиев, Александър Николаевич _bА 94 |
||
| 245 |
_aРуски народни приказки _cАлександър Николаевич Афанасиев ; прев. от рус. Красимира Стоичкова |
||
| 257 | _aRUS | ||
| 260 |
_9209481 _aСофия _bТруд _c2021 _n978-954-398- ; 978-954-528- _f([Костинброд] : Мултипринт ООД) |
||
| 300 |
_a312 с. _bс ил. _c21 см |
||
| 380 | _aDX | ||
| 490 |
_9203328 _aЗлатни детски книги _v80 |
||
| 500 | _aПрев. по: Народные русские сказки / А. Н. Афанасьев. - Биогр. данни за авт. отбелязани на гърба на кор. | ||
| 700 |
_9252478 _aСтоичкова, Красимира Николова _eпрев. от рус. |
||
| 852 | _aЦб | ||
| 856 |
_i0.00 _ldisable |
||
| 942 |
_cKNG _n0 _s1 _08 |
||
| 944 |
_aCR _c2021-11-29 _lЦветелина Шанова _k30531 |
||
| 999 | _d438481 | ||